[Event "GER-ch U25 op-B"]
[Site "Oberhof"]
[Date "2013.05.22"]
[Round "6"]
[White "Gazizov, Erik"]
[Black "Moulart, Adrien"]
[Result "1/2-1/2"]
[WhiteElo "722"]
[BlackElo "930"]
[PlyCount "107"]
[EventDate "2013.05.19"]
[EventType "swiss"]
[EventRounds "9"]
[EventCountry "GER"]
[SourceTitle "CBM 154 Extra"]
[Source "ChessBase"]
[SourceDate "2013.06.25"]
[SourceVersion "2"]
[SourceVersionDate "2013.06.25"]
[SourceQuality "1"]

1. d4 d5 2. c4 e6 3. Nc3 Nf6 4. e3 c6 5. b3 Qa5 6. Bb2 Ba3 7. Qc2 Bxb2 8. Qxb2 Ne4 9. Nge2 Qb4 10. a3 Qa5 11. g3 dxc4 12. bxc4 f5 13. Bg2 Nxc3 14. Nxc3 Nd7 15. 0-0 Nb6 16. Qb3 c5 17. dxc5 Qxc5 18. Rfd1 Qxc4 19. Qb2 0-0 20. Rd2 Kh8 21. Rad1 Qc7 22. Nb5 Qe7 23. Qd4 Bd7 24. a4 Bxb5 25. axb5 Rab8 26. e4 h6 27. f4 Rfe8 28. e5 Kh7 29. h4 g6 30. Bf3 Rf8 31. h5 g5 32. g4 gxf4 33. Qxf4 Rbd8 34. Rxd8 Rxd8 35. Rxd8 Qxd8 36. gxf5 Qg8+ 37. Bg4 exf5 38. Qxf5+ Kh8 39. Kh2 Qa2+ 40. Kh3 Qb3+ 41. Kh4 Qg8 42. Qf6+ Qg7 43. Bf3 Qxf6+ 44. exf6 Kg8 45. Kg4 Nd7 46. Kf5 Kf7 47. Bd5+ Kf8 48. Bxb7 Kf7 49. Bd5+ Kf8 50. Kg6 Ke8 51. f7+ Kf8 52. Kf5 a6 53. bxa6 Nf6 54. Kxf6 1/2-1/2